000 00541nam a2200193 a 4500
001 1770285652583
003 YourLibrary
005 20260205153742.0
008 260205s2006##################000#0#eng##
020 _a9780273705031
082 0 4 _a332.6
_bVAI
100 1 _aVaitilingam, Romesh,
_eauthor.
245 1 0 _aThe Financial Times Guide to Using the Financial Pages :
260 _bPearson Education,
_c2006.
300 _a344 pages
650 0 _aBusiness & Economics.
942 _cENGLISH
040 _aYourLibrary
_beng
_cYourLibrary
999 _c610448
_d610448